LEADER 01011nam a2200241 u 4500 001 000000028049 003 CaOOAMICUS 005 20070226111746.0 008 960415s1956 it abh u000 u ita u 035 $a10728597 040 $aBAV$bita 100 1 $aGabrieli, Francesco,$d1904-1996.$0(OLS)http://pul/name/9600 245 10$aAspetti della civiltà arabo-islamica /$cFrancesco Gabrieli. 260 $aTorino :$bERI,$c[1956] 300 $a207 p., XIX p. di tav. :$bill., c. geogr., facs. ;$c23 cm 490 1 $aLetterature e civiltà ;$v6 651 4$aOriente$xAntichità$xStoria.$0(OLS)http://pul/subject/11472 830 0$aLetterature e civiltà ;$v6.$0(OLS)http://pul/title/38326 850 $aPUL 852 $aPUL$W1$xDP1 Fondo Cecchetti$y53$m283 D 1$j39003$nBK-PRI$b $qFondi$B39003$CPULBib$Z2$F39003 $HPUL5674 $81 941 1 $a1 996 $6245$aAspetti della civiltà arabo-islamica$9(OLS)http://pul/title/38325 996 $6260$aTorino :$bERI$9(OLS)http://pul/publisher/49047 LEADER 01706nam a2200349 u 4500 001 000000048286 003 CaOOAMICUS 005 20070226115000.0 008 000419s1998 it u000 u ita u 020 $a8842496553 035 $a10846038 040 $aPUL$bita 041 1 $aita$heng$hdut 100 1 $aStapper, Léon.$0(OLS)http://pul/name/35047 240 10$aVan Abélard tot Zoroaster.$lItaliano.$0(OLS)http://pul/title/65023 245 10$aMiti e personaggi della Modernità :$bdizionario di storia, letteratura, arte, musica e cinema /$cLéon Stapper, Peter Altena, Michel Uyen ; edizione italiana a cura di Silvia Contarini. 260 $aMilano :$bB. Mondadori,$cc1998. 300 $ax, 432 p. ;$c20 cm 500 $a"Indici dei nomi e dei personaggi" : pp. 389-432. 504 $a"Bibliografia" : pp. 373-387. 650 0$aUomini di cultura e intellettuali$ySec. XVI-XX.$2//eng$0(OLS)http://pul/subject/20364 650 0$aLetteratura moderna$ySec. XVI-XX$xStoria e critica.$2//eng$0(OLS)http://pul/subject/20365 700 1 $aContarini, Silvia.$0(OLS)http://pul/name/35050 700 1 $aUyen, Michel.$0(OLS)http://pul/name/35049 700 1 $aAltena, Peter.$0(OLS)http://pul/name/35048 850 $aPUL 852 $aPUL$W1$xSL Cons. Gen., Altre Classi 1$y1$m1396 F 3$j64376$nBK-PRI$b $qStampati$B64376$CPULBib$Z2$F64376 $H $81 941 1 $a8 961 $aINV: 81321 996 $6020$a8842496553$9(OLS)http://pul/number/60652 996 $6245$aMiti e personaggi della Modernità :$bdizionario di storia, letteratura, arte, musica e cinema$9(OLS)http://pul/title/65024 996 $6260$aMilano :$bB. Mondadori$9(OLS)http://pul/publisher/66952